| 000 | 01003 a2200217 4500 | ||
|---|---|---|---|
| 001 | 23257 | ||
| 005 | 20260407155521.0 | ||
| 008 | 260407a1983 arg spa d | ||
| 003 | AR-UNSa-BCEJYS | ||
| 040 |
_aAR-UNSa-BCEJYS _bspa _cAR-UNSa-BCEJYS |
||
| 080 |
_a657.372 _xTécnicas para la preparación de balances (valores corrientes) |
||
| 245 | 1 | 0 | _aValores Corrientes |
| 020 | _a978-950-9109-23-0 | ||
| 264 | 1 |
_aBuenos Aires : _bTesis _c1983 |
|
| 300 |
_a230 p. _c22 cm. |
||
| 505 | _a1. La emisión de normas contables en la Argentina - 2. Los modelos contables - 3. Bases para la determinación de resultados - 4. Pautas para la determinación de valores corrientes - 5. La contabilización de los resultados financieros - 6. La identidicación, segregación y tratamiento contable de los sobreprecios - 7. Tratamiento contable de los dividendos en efectivo en epocas de inflación. | ||
| 041 | _aspa | ||
| 942 | _cBK | ||
| 590 | _aniveau_biblio:m niveau_hierar:0 | ||
| 100 | 1 | _aGarcía, Sergio O. | |
| 999 |
_c1098 _d1098 |
||